000 01109nam a2200301 i 4500
001 000016528
003 DO-SdBNP
005 20260204084507.0
007 ta
008 260204s1988 dr a r 000 0 spa d
040 _aDO-SdBNP
_bspa
_cBNPHU
_erda
041 _aspa
082 4 _a352.48
_bR426p, 1988
_222
110 1 _aRepública Dominicana.
_bSecretariado Técnico de la Presidencia
_bOficina Nacional de Presupuesto
_932266
245 1 0 _aProyecto presupuesto de ingresos y ley de gastos públicos del Gobierno Central
264 _aSanto Domingo :
_bSecretariado Técnico de la Presidencia,
_c1988
300 _a402 páginas :
_bilustraciones ;
_c27 cm.
336 _ardacontent
_btexto
_2txt
337 _ardamedia
_bsin mediación
_2n
338 _ardacarrier
_bvolumen
_2nc
590 _aInventariado, 2026/DG
650 4 _aPresupuesto
_zRepública Dominicana
_97940
650 4 _aGastos públicos
_zRepública Dominicana
_96405
650 4 _aHacienda pública
_zRepública Dominicana
_96562
650 4 _aPresupuesto
_xLegislación
_aRepública Dominicana
_936771
910 _aDG
942 _2ddc
_cLBS1
999 _c60207
_d60207